Raccolta di variemassine della Scrittura Sacra per servire d'instruzione alla gioventu nella pieta cristiana

Detalles Bibliográficos
Formato: Libro
Publicado: Roma 1795
Materias:
Colección:Banco de datos
Acervo:Biblioteca del Museo Regional de Querétaro. INAH. Querétaro
Tema general:Catequética
Notas:Regular. 3E8, 11
LEADER 00665nam a22001810004500
035 |a 27421 
036 |a 1130 
245 1 0 |a Raccolta di variemassine della Scrittura Sacra per servire d'instruzione alla gioventu nella pieta cristiana 
260 |a Roma  |b Plagliarini  |c 1795 
500 |a Regular. 3E8, 11 
650 1 0 |a Catequética 
949 |a C.R.Q. 
959 |a Ex convento Grande de San Francisco de la ciudad de Querétaro, Museo Regional de Querétaro  |b CCC2 
960 |a Colección General, Querétaro  |b DD80 
961 |a Varias Ordenes Religiosas  |b VO 
942 |c C.R.Q. 
943 |g Biblioteca del Museo Regional de Querétaro. INAH. Querétaro 
999 |c 983737  |d 983737